| 000 | 01942nam0a2200409 4500 | ||
|---|---|---|---|
| 001 | RU\NLR\bibl\1745645 | ||
| 005 | 20260405225751.0 | ||
| 010 |
_a978-5-8918-528-9 _9400 |
||
| 021 |
_aRU _b2011-7774 _9555 |
||
| 035 | _a(nilc)RSL-KNO-004889116 | ||
| 035 | _a(NLR Aleph) 001736541 | ||
| 090 |
_a1432651 _c1432651 |
||
| 100 | _a20110214d2010 |||y0rusy50 ca | ||
| 101 | 0 |
_arus _deng _erus _eeng |
|
| 102 | _aRU | ||
| 105 | _aa ||||||||| | ||
| 200 | 1 |
_aВерхнепермские палеопочвы: свойства, процессы, условия формирования _dUpper Permian paleosols: features, processes, environment _fС.А. Иноземцев, В.О. Таргульян _gМГУ им. М.В. Ломоносова, Ин-т географии Рос. акад. наук _zeng |
|
| 210 |
_aМосква _cГЕОС _d2010 |
||
| 215 |
_a186, XL с., _cил., цв. ил. _d25 |
||
| 300 | _aАвт. также на англ. яз.: S.A. Inozemtzev, V.O. Targulian | ||
| 300 | _aРез. на англ. яз. | ||
| 320 | _aБиблиогр.: с. 142-152 | ||
| 510 | 0 |
_6z77790 _aUpper Permian paleosols: features, processes, environment _zeng |
|
| 606 | 1 |
_aПочвы пермские _92625897 _3RU\NLR\auth\661562457 |
|
| 686 | _aП034.27 | ||
| 700 | 1 |
_4070 _8rus _7ca _aИноземцев _bС. А. _gСвятослав Анатольевич _3RU\NLR\AUTH\77103810 _986735 |
|
| 701 | 1 |
_4070 _8rus _7ca _aТаргульян _bВ.О. _f1934- _gВиктор Оганеcович _3RU\NLR\AUTH\7735682 _918679 |
|
| 790 | 1 |
_4070 _8rus _7ba _aInozemcev _bS. A. _gSvjatoslav Anatol'evič _3RU\NLR\AUTH\77103812 _986737 |
|
| 790 | 1 |
_4070 _8rus _7ba _aTargul'jan _bV.O. _f1934- _gViktor Oganesovič _3RU\NLR\AUTH\7735683 _918680 |
|
| 801 | 0 |
_aRU _bRuMoRKP _c20110214 _grcr |
|
| 801 | 1 |
_aRU _bRuMoRGB _c20110214 |
|
| 801 | 2 |
_aRU _bNLR _c20110314 _grcr |
|
| 830 | _aавт. по кн. | ||
| 942 | _cBOOK | ||
| 980 | _aNB | ||